000 01283cam a22003851i 4500
001 016748500
003 EG-ScBUE
005 20260210103032.0
008 140625t2024 enka f bd 001 0 eng d
020 _a9781292469812
020 _a1292469811
040 _aEG-ScBUE
_beng
_erda
_cUk
_dEG-ScBUE
082 0 4 _a150.724
_bCHR
_222
100 1 _aChristensen, Larry B.,
_d1941-
_eauthor.
_938031
245 1 0 _aResearch methods, design and analysis /
_cLarry B. Christensen, R. Burke Johnson, Lisa A. Turner.
250 _aThirteenth edition.
250 _aGlobal edition.
264 1 _aHarlow, Essex :
_bPearson Education Limited,
_c[2024]
264 4 _cc2024
300 _a381 pages :
_bcolor illustrations ;
_c24 cm
336 _2rdacontent
_atext
_btxt
337 _2rdamedia
_aunmediated
_bn
338 _2rdacarrier
_avolume
_bnc
500 _aIncludes glossary.
504 _aIncludes bibliographical references and index.
650 7 _aPsychology, Experimental.
_2BUEsh
650 7 _aPsychology
_xExperiments.
_2BUEsh
650 7 _aExperimental design.
_2BUEsh
653 _bBUSECO
_cFebruary2026
655 _vReading book
700 1 _aJohnson, Burke,
_eauthor.
700 1 _aTurner, Lisa Anne,
_eauthor.
942 _2ddc
_cBB
999 _c31107
_d31078